| 000 | 00882nam a2200241 i 4500 | ||
|---|---|---|---|
| 001 | 125165 | ||
| 003 | ES-MaACL | ||
| 005 | 20240524110556.0 | ||
| 007 | t| | ||
| 008 | 070504s1933 sp ||||1| spa d | ||
| 080 | _a86-221"19" | ||
| 100 | 1 |
_aSerrano Anguita, Francisco. _9105731 |
|
| 245 | 1 | 0 |
_aSiete puñales _b: comedia en tres actos / _cFrancisco Serrano Anguita ; dibujos de Gutiérrez Navas. |
| 260 |
_aMadrid : _bRivadeneyra, _c1933. |
||
| 300 |
_a80 p. ; _c17 cm. |
||
| 490 | 1 |
_aLa Farsa ; _v295 |
|
| 500 | _aSe estrenó en el Teatro Lara de Madrid la noche del 10 de marzo de 1933. | ||
| 500 | _aCubierta de este número: Angelina Vilar y Manuel González en una escena de Siete puñales. | ||
| 700 | 1 |
_aGutiérrez Navas, Manuel, _d1890-1971 _961196 |
|
| 830 | 0 |
_aLa Farsa ; _v295 _9185863 |
|
| 852 |
_aES-MaACL _j2230-F-3 _bR.140868 |
||
| 999 |
_c125165 _d125165 |
||